Les 20 plus grandes villes de France sans la lettre I - Statistiques

Statistiques générales
  • Ce quiz a été pris 82 fois
  • Le résultat moyen est 16 sur 20
Statistiques - réponses
Numéro Rang original Ville % Correct
4 8 Strasbourg
99%
6 11 Rennes
97%
2 4 Toulouse
97%
1 3 Lyon
96%
3 6 Nantes
95%
5 9 Bordeaux
89%
13 26 Brest
81%
11 24 Clermont-Ferrand
81%
8 15 Le Havre
81%
7 12 Toulon
81%
9 18 Angers
80%
20 38 Caen
80%
16 31 Metz
80%
10 19 Grenoble
76%
14 27 Tours
75%
19 36 Rouen
71%
12 25 Le Mans
67%
18 35 Orléans
67%
17 34 Besançon
57%
15 29 Annecy
52%
Aucun quiz correspondant
Distribution des résultats
% des personnes avec chaque résultat
Percentile par nombre de réponses
Votre historique - résultats
Vous n’avez pas pris ce quiz